Assignments for Vibrational Spectra of 700 Benzene Derivatives. Vol. I and II. By G. Varsányi.

Podrobná bibliografia
Hlavný autor: Kováč, Štefan, 1928-2013 (Autor)
Médium: Článok
Jazyk:angličtina

MARC

LEADER 00000nab a2200000uu 4500
001 vtls010875100
003 SK-MaSNL
005 20260303163106.0
008 230303|1974 xo |||||||||||||||||eng|
015 |a SNBRB 
035 |a (urnnbn)urn:nbn:sk:snk:ar-005yzh 
035 |a (uuid)b17c0727-82e7-4f6e-8d4f-30b0e1bf64a3 
035 |a urn:nbn:sk:snk-ab7p0r 
040 |a SNKBUCL  |b slo  |c SNKBUCL  |e AACR2 
041 0 |a eng 
044 |a xo  |c SK 
100 1 |a Kováč, Štefan,  |d 1928-2013  |4 aut  |9 157641 
245 1 0 |a Assignments for Vibrational Spectra of 700 Benzene Derivatives. Vol. I and II. By G. Varsányi.  |c Š. Kováč 
773 0 |t Chemické zvesti  |g Roč. 28, č. 4 (1974), s. 567-568 
958 |a OND 
958 |a EUIPO 
958 |a article8 
999 |c 2058839  |d 2060769